| 000 | 00762nam a2200205Ii 4500 | ||
|---|---|---|---|
| 003 | JO-AjNU | ||
| 008 | 230605s9999||||xx |||||||||||||| ||und|| | ||
| 040 |
_aJO-AjNU _bara _erda _cJO-AjNU |
||
| 041 | _aara | ||
| 050 | 1 | 4 | _aE855 2000 |
| 100 | 3 |
_aديكنز، تشارلز؛ ترجمة حافظ، عباس؛ مراجعة بدران، محمد, _eauthor _919634 |
|
| 245 | 0 | 0 | _aمذكرات بكويك، الجزء الأول |
| 264 | 3 | 1 | _aالقاهرة: الهيئة المصرية العامة للكتاب، 2000 |
| 300 | _aج1، 424ص | ||
| 336 |
_atext _btxt _2rdacontent |
||
| 337 |
_aunmediated _bn _2rdamedia |
||
| 338 |
_avolume _bnc _2rdacarrier |
||
| 490 | 0 | _aالالف كتاب الثاني | |
| 650 | 4 |
_aبكويك-مذكرات-تاريخ _919635 |
|
| 999 |
_aA6513 _c10081 _d10081 |
||